<?xml version="1.0" encoding="UTF-8"?><?xml-stylesheet type="text/xsl" href="static/style.xsl"?><OAI-PMH xmlns="http://www.openarchives.org/OAI/2.0/" xmlns:xsi="http://www.w3.org/2001/XMLSchema-instance" xsi:schemaLocation="http://www.openarchives.org/OAI/2.0/ http://www.openarchives.org/OAI/2.0/OAI-PMH.xsd"><responseDate>2026-04-13T03:59:23Z</responseDate><request verb="GetRecord" identifier="oai:www.recercat.cat:20.500.12694/7100" metadataPrefix="marc">https://recercat.cat/oai/request</request><GetRecord><record><header><identifier>oai:recercat.cat:20.500.12694/7100</identifier><datestamp>2025-12-18T12:08:56Z</datestamp><setSpec>com_2072_179042</setSpec><setSpec>col_2072_484474</setSpec></header><metadata><record xmlns="http://www.loc.gov/MARC21/slim" xmlns:dcterms="http://purl.org/dc/terms/" xmlns:xsi="http://www.w3.org/2001/XMLSchema-instance" xmlns:doc="http://www.lyncode.com/xoai" xsi:schemaLocation="http://www.loc.gov/MARC21/slim http://www.loc.gov/standards/marcxml/schema/MARC21slim.xsd">
   <leader>00925njm 22002777a 4500</leader>
   <datafield ind2=" " ind1=" " tag="042">
      <subfield code="a">dc</subfield>
   </datafield>
   <datafield ind2=" " ind1=" " tag="720">
      <subfield code="a">Ramon i Castellà, Marçal</subfield>
      <subfield code="e">author</subfield>
   </datafield>
   <datafield ind2=" " ind1=" " tag="260">
      <subfield code="c">2015-07-14</subfield>
   </datafield>
   <datafield ind2=" " ind1=" " tag="520">
      <subfield code="a">La festa del Corpus és un resum esplèndid de les creences i els costums de la societat catalano-mediterrània dels darrers mil anys. Concretament a la Garriga, aquesta festa ha cobrat un gran renom. En aquest treball volem fer un petit estudi del Corpus als Països Catalans i, més concretament, a la població vallesana ja esmentada. D’altra banda, el Corpus de la Garriga és una festa popular que no disposa de cap música característica, per això també es vol confeccionar un concert-espectacle, amb músiques de nova composició, que servirà com a proposta perquè aquestes músiques siguin utilitzades en la celebració de la festa i, d’aquesta manera, es pugui disposar d’un paisatge sonor particular.</subfield>
   </datafield>
   <datafield ind2=" " ind1=" " tag="520">
      <subfield code="a">La fiesta del Corpus es un resumen espléndido de las creencias y las costumbres de la sociedad catalano-mediterránea de los últimos mil años. Concretamente en la Garriga, esta fiesta ha cobrado un gran renombre. En este trabajo queremos hacer un pequeño estudio del Corpus en los Países Catalanes y, más concretamente, de la población vallesana ya mencionada. Por otro lado, el Corpus de la Garriga es una fiesta popular que no dispone de música característica, por eso también se quiere confeccionar un concierto-espectáculo, con músicas de nueva composición, que servirá como propuesta para que estas músicas sean utilizadas en la celebración de la fiesta y, de este modo, se pueda disponer de un paisaje sonoro particular.</subfield>
   </datafield>
   <datafield ind2=" " ind1=" " tag="520">
      <subfield code="a">Corpus is a splendid summary of the beliefs and customs of Catalan-Mediterranean society over the last thousand years. Particularly in La Garriga, this festivity has taken on great renown. In this paper we want to carry out a brief study of Corpus in the Catalan Countries and, more precisely, in the town of La Garriga. On the other hand, Corpus in La Garriga is a popular festivity that does not have any characteristic music, which is why we also wish to prepare a concert-performance with newly composed music as a proposal to be used during the celebration and, by this means, provide a particular soundscape.</subfield>
   </datafield>
   <datafield ind1="8" ind2=" " tag="024">
      <subfield code="a">http://hdl.handle.net/20.500.12694/7100</subfield>
   </datafield>
   <datafield tag="653" ind2=" " ind1=" ">
      <subfield code="a">TFG Música tradicional</subfield>
   </datafield>
   <datafield tag="653" ind2=" " ind1=" ">
      <subfield code="a">Corpus Christi--Països Catalans</subfield>
   </datafield>
   <datafield tag="653" ind2=" " ind1=" ">
      <subfield code="a">Corpus Christi--La Garriga (Catalunya)</subfield>
   </datafield>
   <datafield tag="653" ind2=" " ind1=" ">
      <subfield code="a">Música folklòrica</subfield>
   </datafield>
   <datafield ind2="0" ind1="0" tag="245">
      <subfield code="a">El Corpus de la Garriga: disseny i creació del paisatge sonor</subfield>
   </datafield>
</record></metadata></record></GetRecord></OAI-PMH>